Statistics for General Culture- 8- football

Click here to take the quiz!

General Stats

  • This quiz has been taken 82 times
  • The average score is 4 of 10

Answer Stats

QuestionAnswer% Correct
Who has scored more career goals - Cristiano Ronaldo or Lionel Messi?Cristiano Ronaldo
93%
Which club won the 2017 UEFA Super Cup?Real Madrid
65%
Which Dutch player was voted 'European Player of the Century' in 1999?Johan Cruyff
63%
Which year was the Premier League founded?1992
60%
Wayne Rooney scored his Premier League first goal against which team?Arsenal
43%
Who was manager of Manchester City when they won their first Premier League title?Roberto Mancini
43%
Real Madrid won the first five European Cups - but which club was the second to win Europe's elite competition?Benfica
33%
Which English referee officiated the 2010 World Cup final?Howard Webb
21%
Who scored the first Premier League hat-trick?Eric Cantona
14%
Who holds the record for most consecutive Premier League appearances (310)?Brad Friedel
8%

Score Distribution

Percentile by Number Answered

Percent of People with Each Score

Your Score History

You have not taken this quiz